| 000 | 01660cam a22003974i 4500 | ||
|---|---|---|---|
| 003 | PE-LiUPU | ||
| 005 | 20250731183415.0 | ||
| 008 | 150623s r 000 0 d | ||
| 020 | _a0137823010 | ||
| 035 | _a(Sirsi) i9780137823017 | ||
| 040 |
_aPE-LiUPU _bspa _cPE-LiUPU _erda |
||
| 049 | _aPRUA | ||
| 082 | 0 | 4 |
_a796.51 _bR64 _221 |
| 100 | 1 |
_aRippe, James M., _eautor. |
|
| 245 | 1 | 4 |
_aThe rockport walking program / _cJames M. Rippe. |
| 264 | 1 |
_aNew York, NY : _bPrentice Hall Press, _c1989. |
|
| 300 |
_a379 páginas : _bilustraciones tablas, gráficos ; _c23 centímetros |
||
| 336 |
_atext _2rdacontent |
||
| 337 |
_aunmediated _2rdamedia |
||
| 338 |
_avolume _2rdacarrier |
||
| 504 | _aIncluye bibliografía. | ||
| 505 | 0 | _astarting a better life: The rockport walking program philosophy. Testing, testing. 30 days to change your life: Getting ready to start your 30-day program. The 30-day program calendar. For the rest of your life. The lifetime exchange system. Your personal 20-week walking program- and beyond. The rockport recipes. | |
| 526 | _aP158 | ||
| 526 | _aP146 | ||
| 526 | _aP17 | ||
| 526 | _aP12 | ||
| 526 | _aP06 | ||
| 650 | 0 | 4 | _aCaminata. |
| 650 | 0 | 4 | _aSalud física. |
| 942 |
_2ddc _cBOOK |
||
| 949 |
_a796.51 R64 _wDEWEY _c1 _i51295 _lCCODEBUL1 _mBUL _p18.00 _r0 _sY _tBOOK _u2015-6-24 _xTEOLOGIA _PP35 _0COMPRA _o.STAFF. Colección General |
||
| 994 |
_aC0 _bPEPRU |
||
| 596 | _a1 | ||
| 999 |
_a796.51 R64 _wDEWEY _c33008 _i51295 _f2021-11-9 _g5 _lCCODEBUL1 _mBUL _p18.00 _r0 _sY _tBOOK _u2015-6-24 _xEDUCACION _PP35 _0COMPRA _o.STAFF. Colección General _d33008 |
||
| 980 |
_81 _gALBERTO SANCHEZ Responsable de Automatización |
||